[Event "Défi"]
[Site "www.echecsemail.com"]
[Date "2026.01.21"]
[Round "1"]
[White "Majula"]
[Black "Payne42"]
[WhiteElo "1590"]
[BlackElo "1770"]
[Result "0-1"]
1.d4 Ng8f6
2.Ng1f3 g6
3.Bc1f4 Bf8g7
4.Nb1c3 d6
5.h3 a6
6.e3 b5
7.g4 Bc8b7
8.Bf1d3 Nb8c6
9.a3 O-O
10.O-O Nc6a5
11.b4 Na5c4
12.Bd3xc4 bxc4
13.Rf1e1 Nf6d5
14.Nc3xd5 Bb7xd5
15.c3 Rf8e8
16.Kg2 e5
17.Bf4g5 f6
18.Bg5h4 Qd8d7
19.a4 Qd7c6
20.Kg3 Re8f8
21.g5 f5
22.b5 axb5
23.a5 e4
24.Nf3h2 Rf8f7
25.f3 exf3
26.Nh2xf3 Ra8f8
27.a6 Rf7e7
28.a7 Rf8a8
29.Re1f1 Re7xe3
30.Ra1a2 Re3xc3
31.Kg2 Rc3d3
32.Ra2d2 Rd3xd2
33.Qd1xd2 Ra8xa7
34.Bh4e1 Ra7a3
35.Qd2e2 Bg7xd4
36.Be1b4 Ra3e3
37.Qe2d1 Bd5xf3
38.Rf1xf3 Re3xf3
39.Qd1xf3 Qc6xf3
40.Kxf3 Kf7
41.h4 Ke6
42.Kf4 c5
{ abandon }0-1

[Event "Tournoi échelle division 1"]
[Site "www.echecsemail.com"]
[Date "2026.01.21"]
[Round "1"]
[White "Tahar"]
[Black "Domenico"]
[WhiteElo "1990"]
[BlackElo "1770"]
[Result "1/2-1/2"]
1.d4 d5
2.Ng1f3 Bc8f5
3.Nb1c3 e6
4.Bc1d2 Bf8d6
5.g3 Ng8f6
6.Bf1g2 O-O
7.Bd2g5 Bd6e7
8.O-O Nf6g4
9.Bg5xe7 Qd8xe7
10.h3 Ng4h6
11.Rf1e1 c6
12.e4 dxe4
13.Nc3xe4 Nb8d7
14.Kh2 Ra8d8
15.c4 b6
16.Ne4c3 Nd7f6
17.g4 Bf5g6
18.g5 Nh6g4
19.Kg1 Qe7c7
20.gxf6 Ng4xf6
21.Nf3e5 c5
22.Nc3b5 Qc7c8
23.Nb5xa7 Qc8a6
24.Na7c6 Rd8d6
25.b3 b5
26.cxb5 Qa6xb5
27.Nc6e7 Kh8
28.Ne7xg6 fxg6
29.Bg2f1 Qb5b7
30.Bf1g2 Qb7e7
31.Re1e2 Rd6xd4
32.Qd1c2 Nf6d5
33.Ne5c6 Qe7f6
34.Nc6xd4 cxd4
35.Bg2xd5 d3
36.Qc2xd3 Qf6xa1
37.Kg2 exd5
38.Qd3xd5 Qa1f6
39.a4 h5
40.a5 h4
41.b4 g5
42.b5 Rf8d8
43.Qd5c5 Rd8d3
44.Re2e3 Rd3xe3
45.Qc5xe3 g6
46.a6 Qf6f7
47.Qe3d4 Kh7
48.a7 g4
49.a8Q gxh3
50.Kxh3 Qf7f5
51.Qd4g4 Qf5d3
52.Kxh4 g5
53.Qg4xg5 Qd3h3
54.Kxh3 1/2-1/2

[Event "Tournoi échelle"]
[Site "www.echecsemail.com"]
[Date "2026.01.21"]
[Round "1"]
[White "Eldiablo90"]
[Black "Teaspoon"]
[WhiteElo "2790"]
[BlackElo "2000"]
[Result "1-0"]
1.e4 c5
2.d4 cxd4
3.Qd1xd4 Nb8c6
4.Qd4d3 Ng8f6
5.Nb1c3 g6
6.Ng1f3 Bf8g7
7.Bf1e2 O-O
8.O-O d6
9.Nc3d5 Bc8g4
10.c3 Bg4xf3
11.Nd5xf6 Bg7xf6
12.Qd3xf3 Bf6g7
13.Qf3g3 a6
14.h4 b5
15.h5 Ra8b8
16.Bc1d2 Qd8a5
17.a3 Qa5c7
18.Ra1d1 Nc6e5
19.f4 Ne5c4
20.Bd2c1 Rb8d8
21.Qg3h3 Qc7c5
22.Rf1f2 Qc5c8
23.hxg6 Qc8xh3
24.gxf7 Rf8xf7
25.gxh3 Rd8f8
26.a4 Rf8c8
27.Be2g4 Rc8f8
28.Bg4e6 { abandon }1-0

[Event "Tournoi n27378"]
[Site "www.echecsemail.com"]
[Date "2026.01.21"]
[Round "1"]
[White "Emmanuel"]
[Black "Geantvert"]
[WhiteElo "1950"]
[BlackElo "1860"]
[Result "0-1"]
1.b3 e5
2.Bc1b2 Nb8c6
3.e3 d6
4.Bf1b5 Bc8d7
5.Ng1e2 f5
6.f4 Ng8f6
7.O-O g6
8.Bb5xc6 Bd7xc6
9.fxe5 dxe5
10.Bb2xe5 Qd8d5
11.Ne2f4 Qd5xe5
12.Nb1c3 O-O-O
13.a4 Bf8g7
14.Qd1e2 Nf6e4
15.d4 Ne4xc3
16.dxe5 Nc3xe2
17.Nf4xe2 Bg7xe5
18.Ra1b1 Bc6e4
19.Rf1c1 Rd8d2
20.Kf1 Rd2xc2
21.Rc1xc2 Be4xc2
22.Rb1c1 Bc2xb3
23.a5 Rh8d8
24.g3 Rd8d1
25.Rc1xd1 Bb3xd1
26.Ne2d4 Be5xd4
27.exd4 Kd7
28.Ke1 Bd1a4
29.Kd2 Kd6
30.Kc3 Kd5
31.h3 b6
32.axb6 cxb6
33.g4 f4
 { temps }0-1

[Event "Tournoi n27358"]
[Site "www.echecsemail.com"]
[Date "2026.01.21"]
[Round "1"]
[White "Titit1"]
[Black "Buzz84"]
[WhiteElo "1490"]
[BlackElo "1500"]
[Result "0-1"]
1.Ng1f3 b6
2.Nb1c3 Bc8b7
3.e4 d6
4.d4 Nb8d7
5.Bf1d3 g6
6.O-O Bf8g7
7.Bc1e3 e5
8.d5 Ng8h6
9.Qd1d2 Nh6g4
10.h3 Ng4xe3
11.Qd2xe3 Nd7c5
12.Bd3b5 Nc5d7
13.Ra1c1 h6
14.Nc3e2 O-O
15.c4 a6
16.Bb5a4 b5
17.cxb5 Nd7c5
18.Ba4c2 axb5
19.Ne2c3 b4
20.Nc3e2 Bb7a6
21.b3 Qd8d7
22.Ne2g3 Ba6xf1
23.Ng3xf1 Ra8xa2
24.Nf1d2 Kh7
25.Nd2c4 f5
26.exf5 gxf5
27.Nc4d2 Kh8
28.Nd2c4 f4
29.Qe3e1 Ra2a8
30.Nc4d2 Bg7f6
31.Nd2e4 Qd7g7
32.Ne4d2 Rf8g8
33.Nd2c4 Qg7xg2
0-1

[Event "Tournoi n27390"]
[Site "www.echecsemail.com"]
[Date "2026.01.21"]
[Round "1"]
[White "Tartu"]
[Black "Verson"]
[WhiteElo "1720"]
[BlackElo "1880"]
[Result "0-1"]
1.d4 d5
2.Ng1f3 Ng8f6
3.Bc1f4 e6
4.Nb1c3 c6
5.e3 Bf8d6
6.Bf4g5 Nb8d7
7.h3 h6
8.Bg5xf6 Nd7xf6
9.Bf1d3 Qd8c7
10.O-O O-O
11.e4 dxe4
12.Nc3xe4 Bd6e7
13.Rf1e1 b6
14.c4 Bc8b7
15.a3 Rf8d8
16.Ra1c1 c5
17.Bd3b1 cxd4
18.Ne4xf6 Be7xf6
19.Qd1c2 d3
20.Qc2d2 Qc7d7
21.Nf3e5 Bf6xe5
22.Re1xe5 Qd7d4
23.Re5e3 Bb7e4
24.Rc1d1 Qd4xc4
25.Bb1xd3 Be4xd3
26.Re3xd3 Rd8xd3
27.Qd2xd3 Ra8c8
28.b3 Qc4xd3
29.Rd1xd3 Rc8c7
30.g4 Kf8
31.Kg2 Ke7
32.Kf3 f6
33.Ke4 g6
34.f4 Rc7c1
35.a4 Rc1f1
36.Rd3f3 Rf1xf3
37.Kxf3 Kd6
38.Ke4 f5
39.gxf5 gxf5
40.Kd4 a6
41.b4 h5
42.h4 a5
43.b5 Kd7
44.Ke5 Ke7
45.Kd4 Kd6
46.Kc4 e5
47.fxe5 Kxe5
48.Kd3 Kf4
49.Ke2 Kg4
50.Ke3 Kg3
51.Ke2 Kxh4
52.Kf2 Kh3
53.Kf3 h4
54.Kf2 f4
55.Kf3 Kh2
56.Kxf4 Kg2
{ abandon }0-1

[Event "Défi"]
[Site "www.echecsemail.com"]
[Date "2026.01.21"]
[Round "1"]
[White "Nanaluce"]
[Black "Whisky"]
[WhiteElo "1170"]
[BlackElo "1290"]
[Result "0-1"]
1.e4 d5
2.d3 dxe4
3.Bc1f4 f5
4.g4 g6
5.d4 Nb8c6
6.c3 e6
7.g5 Bf8d6
8.Ng1h3 h6
9.Bf1c4 Bd6xf4
10.Nh3xf4 Qd8e7
11.Qd1a4 Qe7f7
12.d5 e5
13.Nf4d3 Qf7d7
14.Nd3b4 Nc6xb4
15.Qa4b3 a5
16.cxb4 a4
17.Qb3e3 hxg5
18.Qe3xg5 Ng8e7
19.Nb1a3 Rh8h5
20.Qg5g3 f4
21.Qg3g2 f3
22.Qg2f1 Ne7xd5
23.Bc4b5 c6
24.Bb5c4 Nd5xb4
25.Rh1g1 b5
26.Rg1xg6 Rh5xh2
27.Ra1c1 Nb4xa2
28.Bc4xa2 Qd7a7
29.Rc1xc6 Qa7d4
30.Rg6g8 Kd7
31.Rc6c2 Qd4d3
32.Rg8g7 Ke8
33.Ba2f7 Kf8
34.Rc2c7 Qd3xf1
35.Kd2 Rh2xf2
36.Kc3 Qf1c1
37.Na3c2 Kxg7
38.Bf7d5 Kh6
39.Bd5xa8 Qc1xc2
40.Kb4 Qc2xc7
41.Ba8xe4 Qc7c4
42.Ka5 Qc4xe4
43.Kxb5 Rf2xb2
{ abandon }0-1

[Event "Eq:Les enfants de l Atlantide-O fou d hello :"]
[Site "www.echecsemail.com"]
[Date "2026.01.21"]
[Round "1"]
[White "Yab414"]
[Black "Tjspret"]
[WhiteElo "1620"]
[BlackElo "1770"]
[Result "0-1"]
1.e4 d5
2.exd5 Qd8xd5
3.Qd1f3 Qd5xf3
4.Ng1xf3 Ng8f6
5.Bf1e2 e6
6.O-O Bf8e7
7.d3 O-O
8.Nb1c3 b6
9.Nc3b5 Nb8a6
10.c3 c6
11.Nb5d4 Bc8b7
12.a3 Na6c7
13.b4 Nc7d5
14.Bc1b2 c5
15.bxc5 Be7xc5
16.Nd4b3 Bc5e7
17.c4 Nd5f4
18.Bb2xf6 Be7xf6
19.Ra1a2 Ra8d8
20.Nb3c1 Nf4xe2
21.Ra2xe2 Rd8c8
22.Nf3e5 a6
23.Ne5d7 Rf8d8
24.Nd7xf6 gxf6
25.h3 b5
26.Re2c2 bxc4
27.Rc2xc4 Rc8xc4
28.dxc4 Rd8d4
29.c5 Bb7e4
30.Rf1e1 Be4c2
31.Nc1e2 Rd4c4
32.c6 Bc2d3
33.Ne2c1 Bd3c2
34.Nc1a2 Rc4xc6
35.Re1c1 a5
36.Rc1e1 Kg7
37.Na2c1 Bc2a4
38.Nc1e2 Rc6c2
39.Re1c1 h5
40.Rc1xc2 Ba4xc2
41.Ne2d4 Bc2d3
42.h4 Kg6
43.g3 e5
44.Nd4c6 a4
45.f3 e4
46.fxe4 Bd3xe4
47.Kf2 Be4xc6
{ abandon }0-1

[Event "Défi( 10J+24H/c 10J Max )"]
[Site "www.echecsemail.com"]
[Date "2026.01.21"]
[Round "1"]
[White "Tiounet"]
[Black "Titit1"]
[WhiteElo "1600"]
[BlackElo "1460"]
[Result "0-1"]
1.a3 e5
2.b4 d5
3.Bc1b2 d4
4.Ng1f3 Qd8e7
5.g3 Bc8f5
6.Bf1g2 Nb8c6
7.O-O Ng8f6
8.d3 O-O-O
9.c3 Qe7e6
10.Nb1d2 h6
11.Nd2b3 dxc3
12.Bb2xc3 Bf8e7
13.Rf1e1 e4
14.Nf3d2 Qe6d6
15.Qd1c2 Rh8g8
16.Re1d1 exd3
17.Qc2c1 g5
18.Qc1b2 dxe2
19.Rd1e1 Qd6e6
20.Nb3c5 Be7xc5
21.Bc3xf6 Bc5xf2
22.Kxf2 Bf5d3
23.Bf6xd8 Rg8xd8
24.Qb2b3 Qe6f5
25.Bg2f3 Rd8e8
26.Kg2 Nc6d4
27.Qb3b2 Nd4xf3
28.Nd2xf3 g4
29.Nf3d4 Qf5e4
30.Kf2 Qe4e3
31.Kg2 Bd3e4
{ abandon }0-1

[Event "Tournoi n27361"]
[Site "www.echecsemail.com"]
[Date "2026.01.21"]
[Round "1"]
[White "Aramis"]
[Black "Nogean"]
[WhiteElo "1560"]
[BlackElo "1650"]
[Result "1-0"]
1.e4 d6
2.d4 Nb8d7
3.Ng1h3 c5
4.d5 Ng8f6
5.Nb1c3 g6
6.Bf1e2 Bf8g7
7.Bc1d2 O-O
8.O-O h6
9.a3 a6
10.Nh3f4 b5
11.Ra1b1 Nd7e5
12.h3 Bc8d7
13.b3 Bd7e8
14.b4 c4
15.Bd2e3 a5
16.bxa5 Ra8xa5
17.Rb1a1 Ne5d7
18.a4 b4
19.Nc3b5 Nf6xe4
20.Be2xc4 Bg7xa1
21.Qd1xa1 Nd7b6
22.Bc4d3 Ra5xa4
23.Qa1b2 Ne4c3
24.Nb5xc3 Ra4a3
25.Qb2xb4 Qd8a8
26.Be3xb6 Be8d7
27.Bb6d4 Rf8b8
28.Qb4c4 Bd7c8
29.Qc4c7 Bc8b7
30.Qc7xe7 Rb8e8
31.Qe7f6 { abandon }1-0

[Event "Défi"]
[Site "www.echecsemail.com"]
[Date "2026.01.21"]
[Round "1"]
[White "Joelcouturier"]
[Black "Poison"]
[WhiteElo "1150"]
[BlackElo "1100"]
[Result "1-0"]
1.e4 e5
2.Ng1f3 Ng8f6
3.Nb1c3 Nb8c6
4.Bf1c4 d6
5.O-O Bf8e7
6.b3 O-O
7.d4 exd4
8.Nc3b5 Nf6xe4
9.Nb5xd4 Bc8g4
10.Nd4f5 Bg4xf5
11.Rf1e1 Bf5g4
12.Bc4e2 Bg4xf3
13.Be2xf3 Ne4c3
14.Qd1d3 Be7f6
15.Bc1b2 Bf6g5
16.Qd3xc3 Bg5d2
17.Qc3xd2 Qd8d7
18.Qd2c3 Nc6e5
19.Re1d1 Qd7e6
20.Bf3xb7 Ra8b8
21.Rd1e1 Rb8xb7
22.Qc3e3 c6
23.Qe3g3 Rf8e8
24.Re1e4 Qe6d5
25.Re4d4 Qd5e6
26.c4 c5
27.Rd4d2 f6
28.Bb2c1 Qe6f5
29.Rd2xd6 Ne5d7
30.Bc1h6 a5
31.Qg3xg7 1-0

[Event "Défi"]
[Site "www.echecsemail.com"]
[Date "2026.01.21"]
[Round "1"]
[White "Lancien57"]
[Black "Castor"]
[WhiteElo "1440"]
[BlackElo "1360"]
[Result "0-1"]
1.e4 c6
2.d4 d5
3.e5 Bc8f5
4.Bc1d2 e6
5.Nb1c3 Nb8d7
6.Bf1e2 f6
7.Ng1f3 Nd7b8
8.O-O Nb8d7
9.Rf1e1 Qd8c7
10.exf6 Nd7xf6
11.Bd2e3 O-O-O
12.Nf3e5 Bf8d6
13.Ne5f3 Nf6g4
14.h3 Bd6h2
15.Kf1 Ng4f6
16.Be2d3 Bf5g6
17.Bd3xg6 hxg6
18.Ke2 Ng8e7
19.Re1h1 Bh2d6
20.Qd1f1 b6
21.Qf1c1 Nf6g8
22.g3 Qc7b7
23.Rh1e1 Ng8f6
24.Re1g1 b5
25.Rg1d1 Rh8xh3
26.Rd1h1 Rh3h8
27.Nf3e5 Rh8f8
28.Be3g5 c5
29.Ne5f3 Qb7a6
30.Ke3 Qa6b6
31.Qc1d1 cxd4
32.Nf3xd4 e5
33.Bg5xf6 Rf8xf6
34.Qd1d2 exd4
35.Qd2xd4 Bd6c5
36.Qd4xc5 Qb6xc5
37.Ke2 Rf6e6
38.Kf1 Rd8f8
39.Rh1h2 g5
40.a3 Ne7g6
41.Ra1d1 d4
42.Nc3e2 Qc5xc2
43.Rd1e1 d3
44.Ne2d4 Re6xe1
45.Kxe1 Qc2c1
0-1

[Event "Défi( 10J+24H/c 10J Max )"]
[Site "www.echecsemail.com"]
[Date "2026.01.21"]
[Round "1"]
[White "Titit1"]
[Black "Luc20"]
[WhiteElo "1460"]
[BlackElo "1810"]
[Result "0-1"]
1.d4 d5
2.Bc1f4 Ng8f6
3.Ng1f3 c5
4.c3 Nb8c6
5.e3 Bc8g4
6.Bf1e2 e6
7.Nb1d2 c4
8.O-O Bf8d6
9.Bf4g5 b5
10.Nf3e5 Qd8c7
11.Be2xg4 Bd6xe5
12.g3 Nf6xg4
13.Qd1xg4 Be5f6
14.Bg5xf6 gxf6
15.Nd2f3 Ke7
16.Rf1e1 Ra8g8
17.Qg4h4 Rg8g6
18.e4 Kd7
19.Qh4h3 dxe4
20.Nf3d2 f5
21.b3 h5
22.bxc4 bxc4
23.Nd2xc4 h4
24.Ra1b1 Rh8h6
25.Re1e3 hxg3
26.Qh3f1 gxh2
27.Kh1 Rg6g1
28.Qf1xg1 hxg1Q
29.Kxg1 Qc7h2
30.Kf1 Qh2h1
31.Ke2 Qh1xb1
32.a3 Qb1a2
33.Nc4d2 Qa2xa3
34.Re3g3 Rh6g6
35.Rg3h3 Nc6xd4
36.Kd1 Nd4b3
37.Nd2c4 Qa3c1
38.Ke2 Nb3d4
39.cxd4 Qc1xc4
40.Kd2 Qc4xd4
41.Kc2 Rg6g2
42.Kb3 Rg2xf2
43.Rh3h8 Rf2f3
44.Kc2 Qd4f2
45.Kb1 Rf3g3
46.Rh8a8 Rg3g1
0-1

[Event "Défi( 10J+24H/c 10J Max )"]
[Site "www.echecsemail.com"]
[Date "2026.01.21"]
[Round "1"]
[White "Mimie"]
[Black "Fragol"]
[WhiteElo "1630"]
[BlackElo "1810"]
[Result "0-1"]
1.d4 d5
2.Bc1f4 Nb8c6
3.e3 Bc8f5
4.Ng1f3 e6
5.c3 Bf8d6
6.Bf4g3 Ng8f6
7.Bf1d3 Nf6e4
8.Bg3h4 Bd6e7
9.Bh4xe7 Qd8xe7
10.O-O O-O
11.Nb1a3 Ne4xc3
12.Qd1c2 Nc3e4
13.Na3b5 Nc6b4
14.Qc2e2 Bf5g4
15.h3 Bg4h5
16.g4 Bh5g6
17.Nf3e5 c6
18.Ne5xg6 fxg6
19.Nb5c3 Qe7h4
20.Bd3xe4 dxe4
21.Nc3xe4 Qh4xh3
22.Ne4g3 Qh3h6
23.Qe2c4 Nb4d5
24.Kg2 Rf8f6
25.Rf1h1 Qh6g5
26.Qc4e2 Ra8f8
27.Ng3e4 Nd5f4
28.exf4 Qg5d5
29.f3 Rf6xf4
30.Rh1f1 Qd5xd4
31.Ra1d1 Qd4e5
32.Qe2d3 h5
33.Qd3d4 Qe5xd4
34.Rd1xd4 hxg4
35.Rd4d3 gxf3
36.Rd3xf3 Rf4g4
37.Ne4g3 Rf8xf3
38.Rf1xf3 Rg4d4
39.Rf3b3 b6
40.Ng3f1 c5
41.Nf1e3 c4
42.Rb3c3 b5
43.Rc3a3 Rd4d2
44.Kf3 Rd2xb2
45.Ra3xa7 c3
46.Ra7c7 b4
47.Ke4 Rb2xa2
48.Kd4 Ra2a5
49.Ne3d1 Ra5d5
50.Kc4 Rd5xd1
51.Kxb4 Rd1b1
52.Kc4 c2
53.Kd3 c1Q
54.Rc7xc1 Rb1xc1
55.Ke4 Rc1f1
{ abandon }0-1

[Event "Défi"]
[Site "www.echecsemail.com"]
[Date "2026.01.21"]
[Round "1"]
[White "Prize640"]
[Black "Stepan24"]
[WhiteElo "2230"]
[BlackElo "2099"]
[Result "0-1"]
1.e4 e5
2.f4 exf4
3.Ng1f3 g5
4.h4 d5
5.d4 dxe4
6.Nf3xg5 Ng8f6
7.Bc1xf4 h6
8.Ng5h3 Nb8c6
9.c3 Bf8d6
10.Qd1d2 Nf6d5
11.g3 e3
12.Qd2g2 Bc8e6
13.Bf4xd6 Qd8xd6
14.Bf1b5 Rh8g8
15.Bb5xc6 bxc6
16.Rh1g1 O-O-O
17.Nb1a3 Nd5xc3
18.bxc3 Qd6xa3
19.Qg2xc6 Rd8d6
20.Qc6a8 Kd7
21.Qa8xg8 Qa3xc3
22.Ke2 Qc3d2
23.Kf3 Be6d5
{ abandon }0-1

[Event "Tournoi n27380"]
[Site "www.echecsemail.com"]
[Date "2026.01.21"]
[Round "1"]
[White "Onetwoyve"]
[Black "Oranmore"]
[WhiteElo "1910"]
[BlackElo "1900"]
[Result "1/2-1/2"]
1.e4 c5
2.Ng1f3 d6
3.Bf1c4 e6
4.c3 Nb8c6
5.d4 Bf8e7
6.O-O Ng8f6
7.Rf1e1 O-O
8.Bc1g5 a6
9.Nb1d2 cxd4
10.Nf3xd4 Nc6xd4
11.cxd4 b5
12.Bc4d3 Bc8b7
13.Nd2f3 Nf6d7
14.Qd1d2 Be7xg5
15.Nf3xg5 h6
16.Ng5f3 e5
17.a4 Qd8b6
18.d5 Nd7c5
19.Bd3c2 bxa4
20.Bc2xa4 Nc5xa4
21.Ra1xa4 Ra8c8
22.Re1c1 Rc8xc1
23.Qd2xc1 Rf8c8
24.Qc1d2 Rc8c5
25.g3 Qb6c7
26.b4 Rc5c2
27.Qd2d3 Rc2c3
28.Qd3e2 Rc3c2
29.Qe2e3 Rc2c3
30.Qe3e2 Rc3c2
31.Qe2e3 Rc2c3
32.Qe3e2 1/2-1/2

[Event "Défi"]
[Site "www.echecsemail.com"]
[Date "2026.01.21"]
[Round "1"]
[White "Chomi64"]
[Black "Carabas"]
[WhiteElo "1870"]
[BlackElo "1910"]
[Result "0-1"]
1.d4 d5
2.Ng1f3 Nb8c6
3.Nb1c3 e6
4.Bc1g5 Bf8e7
5.Bg5xe7 Ng8xe7
6.e3 a6
7.Bf1d3 O-O
8.O-O h6
9.e4 dxe4
10.Nc3xe4 f5
11.Ne4c5 b6
12.Nc5b3 a5
13.a4 Ne7d5
14.Rf1e1 f4
15.c3 Rf8f6
16.Nb3d2 Nc6e7
17.Nd2e4 Rf6f7
18.Nf3e5 Rf7f8
19.Qd1g4 Nd5f6
20.Qg4xf4 Nf6d5
21.Qf4d2 Bc8b7
22.Ne4g3 c5
23.Bd3e4 cxd4
24.Qd2xd4 Qd8c7
25.Qd4d3 Nd5f6
26.Be4xb7 Qc7xb7
27.Ra1d1 Ra8d8
28.Qd3c2 Qb7c7
29.Ne5f3 Rd8d6
30.Rd1xd6 Qc7xd6
31.Nf3d4 e5
32.Nd4f3 Ne7c6
33.Ng3f5 Qd6c7
34.Qc2b3 Kh7
35.Qb3b5 e4
36.Nf3d4 Nc6xd4
37.Nf5xd4 Nf6g4
38.Re1f1 Qc7xh2
0-1

[Event "Tournoi n27386"]
[Site "www.echecsemail.com"]
[Date "2026.01.21"]
[Round "1"]
[White "Nicadria22"]
[Black "Verson"]
[WhiteElo "1900"]
[BlackElo "1870"]
[Result "1-0"]
1.e4 e6
2.d4 d5
3.e5 c5
4.c3 Nb8c6
5.Ng1f3 Qd8b6
6.Bf1d3 cxd4
7.O-O dxc3
8.Nb1xc3 Ng8e7
9.Nc3b5 Ne7g6
10.Bc1e3 Qb6d8
11.Be3g5 Qd8d7
12.Rf1e1 Bf8e7
13.Bg5xe7 Ng6xe7
14.a3 Ne7g6
15.Nb5d6 Kf8
16.Nd6xc8 Ra8xc8
17.Ra1c1 Qd7e7
18.b4 f5
19.Bd3b5 Kf7
20.Rc1c3 a6
21.Bb5d3 Ng6h4
22.Bd3e2 Rh8f8
23.Nf3xh4 Qe7xh4
24.Rc3h3 Qh4d4
25.Rh3xh7 Rf8h8
26.Qd1xd4 Rh8xh7
27.Qd4b6 Nc6d8
28.Qb6e3 Nd8c6
29.Re1c1 Rc8h8
30.h3 Rh7h6
31.Qe3a7 { abandon }1-0

[Event "Défi( 10J+24H/c 10J Max )"]
[Site "www.echecsemail.com"]
[Date "2026.01.21"]
[Round "1"]
[White "Anumisme"]
[Black "Poison"]
[WhiteElo "1220"]
[BlackElo "1110"]
[Result "1-0"]
1.d4 e6
2.Nb1c3 Nb8c6
3.Bc1f4 Bf8b4
4.Qd1d2 d5
5.a3 Bb4xc3
6.Qd2xc3 Ng8f6
7.h3 O-O
8.Ng1f3 Nf6e4
9.Qc3b3 Ne4f6
10.e3 Bc8d7
11.Qb3xb7 Nc6a5
12.Qb7b4 Nf6e4
13.O-O-O Ne4xf2
14.Bf1a6 Nf2xh1
15.Rd1xh1 Na5c6
16.Qb4b7 Ra8b8
17.Bf4xc7 Rb8xb7
18.Bc7xd8 Rb7b8
19.c3 Rf8xd8
20.b4 Rb8b6
21.Ba6d3 a5
22.Rh1f1 axb4
23.axb4 f5
24.g4 fxg4
25.hxg4 Bd7e8
26.Nf3g5 Be8g6
27.Bd3e2 Bg6e4
28.Ng5xe6 Be4g2
29.Rf1f4 Bg2h3
30.Ne6xd8 Nc6xd8
31.Kd2 Bh3g2
32.g5 Nd8e6
33.Rf4f2 Bg2e4
34.g6 Be4xg6
35.Be2g4 h6
36.Bg4f3 Rb6a6
37.Bf3xd5 Ra6a2
38.Bd5xa2 Bg6e4
39.Ba2xe6 { abandon }1-0

[Event "ZGOUGOU"]
[Site "www.echecsemail.com"]
[Date "2026.01.21"]
[Round "1"]
[White "4x4"]
[Black "Intrigue"]
[WhiteElo "1480"]
[BlackElo "1760"]
[Result "0-1"]
1.e4 e5
2.Ng1f3 Nb8c6
3.Nb1c3 Ng8f6
4.Bf1c4 Bf8c5
5.Nf3g5 O-O
6.d3 h6
7.Ng5f3 a6
8.Bc1e3 Bc5b4
9.Qd1d2 d6
10.a3 Bb4xc3
11.Qd2xc3 Bc8e6
12.Bc4xe6 fxe6
13.Qc3b3 Qd8d7
14.O-O-O b5
15.h4 Nc6a5
16.Qb3a2 c5
17.Rh1g1 Kh8
18.Be3d2 Na5c6
19.b4 cxb4
20.Bd2xb4 Rf8c8
21.Nf3h2 Nc6d4
22.Rd1d2 a5
23.c3 Nd4c6
24.c4 axb4
25.Rd2b2 Ra8xa3
26.Qa2b1 Nc6d4
27.Nh2f3 Ra3c3
28.Kd2 bxc4
29.Nf3xd4 Rc3xd3
30.Ke2 exd4
31.Rb2xb4 Nf6xe4
32.Rg1c1 Rd3d2
33.Kf1 Rd2xf2
34.Kg1 d5
35.Rc1c2 Rf2xc2
36.Qb1xc2 Qd7f7
37.Qc2b1 Qf7f2
38.Kh1 Qf2xh4
39.Kg1 d3
40.Rb4b8 Rc8xb8
41.Qb1xb8 Kh7
42.Qb8e5 d2
43.Qe5d4 Qh4e1
44.Kh2 d1Q
45.Qd4xd1 Qe1xd1
{ abandon }0-1

[Event "Défi"]
[Site "www.echecsemail.com"]
[Date "2026.01.21"]
[Round "1"]
[White "Castor"]
[Black "Jlouism"]
[WhiteElo "1370"]
[BlackElo "1560"]
[Result "0-1"]
1.d4 Ng8f6
2.Nb1c3 d5
3.f3 b6
4.e4 Bc8e6
5.e5 Nf6h5
6.Bf1e2 Nb8c6
7.Be2b5 Qd8d7
8.f4 g6
9.h3 a6
10.Bb5a4 b5
11.Ba4b3 Nh5g3
12.Rh1h2 Nc6b4
13.a3 Nb4c6
14.Qd1f3 Ng3f5
15.Ng1e2 Nf5xd4
16.Qf3f2 Nd4xb3
17.cxb3 d4
18.Nc3e4 Be6xb3
19.Ne4c5 Qd7d5
20.Nc5xb3 Qd5xb3
21.Ra1b1 d3
22.Ne2d4 Nc6xd4
23.Qf2xd4 Qb3c2
24.Rb1a1 Qc2e2
0-1

[Event "Coupe Niveau 3"]
[Site "www.echecsemail.com"]
[Date "2026.01.21"]
[Round "1"]
[White "Verson"]
[Black "Patau"]
[WhiteElo "1870"]
[BlackElo "1710"]
[Result "1-0"]
1.d4 d5
2.Ng1f3 Ng8f6
3.e3 e6
4.Bf1d3 c5
5.c3 Nb8c6
6.Nb1d2 Bf8d6
7.O-O O-O
8.dxc5 Bd6xc5
9.e4 dxe4
10.Nd2xe4 Nf6xe4
11.Bd3xe4 Bc8d7
12.Bc1g5 f6
13.Bg5e3 Qd8b6
14.Qd1xd7 Bc5xe3
15.Be4xc6 bxc6
16.Qd7xe6 Kh8
17.Qe6xe3 Qb6xe3
18.fxe3 Rf8e8
19.Rf1e1 Ra8b8
20.b3 Re8e4
21.Ra1d1 Rb8e8
22.Kf2 g5
23.Rd1d4 Re4xd4
24.exd4 Re8xe1
25.Nf3xe1 f5
26.Ne1d3 { abandon }1-0

[Event "Amical( 10J+24H/c 10J Max )"]
[Site "www.echecsemail.com"]
[Date "2026.01.21"]
[Round "1"]
[White "Tartinette"]
[Black "Cmoi"]
[WhiteElo "1180"]
[BlackElo "1110"]
[Result "0-1"]
1.d4 d5
2.Nb1c3 e6
3.e4 Bf8b4
4.Bc1d2 Ng8f6
5.a3 Bb4xc3
6.Bd2xc3 dxe4
7.Bf1b5 c6
8.Bb5c4 b5
9.Bc4e2 a5
10.Bc3d2 h5
11.h4 Qd8xd4
12.c3 Qd4e5
13.f3 b4
14.g3 Qe5xg3
15.Kf1 Bc8a6
16.Bd2g5 Nf6d5
17.Rh1h3 Qg3e5
18.Bg5c1 Nd5e3
19.Bc1xe3 Qe5d5
20.f4 Rh8g8
21.Kg2 f6
22.a4 c5
23.Be2xh5 g6
24.Bh5e2 Nb8c6
25.Ng1f3 exf3
26.Be2xf3 Qd5xd1
27.Ra1xd1 Ra8c8
28.Be3xc5 e5
29.Rd1e1 Kf7
30.Bf3d5 Kg7
31.Bd5xg8 Rc8xg8
32.Re1d1 exf4
33.Rh3f3 Ba6e2
34.Rd1d7 Kh6
35.Rf3xf4 Nc6e5
36.Rf4xf6 Ne5xd7
37.Rf6e6 Nd7xc5
38.Re6xe2 g5
39.Kh3 Nc5xa4
40.Re2e6 Kh7
41.Re6e4 Na4xb2
{ abandon }0-1

[Event "Défi"]
[Site "www.echecsemail.com"]
[Date "2026.01.21"]
[Round "1"]
[White "Ephixe"]
[Black "Chomi64"]
[WhiteElo "1820"]
[BlackElo "1860"]
[Result "0-1"]
1.d4 e5
2.d5 Bf8b4
3.Bc1d2 Bb4xd2
4.Nb1xd2 Ng8f6
5.e4 d6
6.h3 Nb8d7
7.Bf1b5 O-O
8.Ng1f3 Nd7b6
9.Qd1e2 Bc8d7
10.Bb5xd7 Qd8xd7
11.O-O-O c6
12.c4 cxd5
13.exd5 Ra8c8
14.Kb1 Qd7f5
15.Ka1 Rc8c7
16.g4 Qf5d7
17.Qe2d3 Rf8e8
18.Nf3h4 Re8c8
19.Rd1c1 Nf6xd5
20.b3 Nd5f4
21.Qd3f3 d5
22.Nh4g2 Nf4xg2
23.Qf3xg2 dxc4
24.Rh1d1 cxb3
25.Nd2xb3 Rc7xc1
26.Rd1xc1 Rc8xc1
27.Nb3xc1 Nb6c4
28.Qg2e4 Qd7d4
29.Qe4xd4 exd4
30.Nc1b3 d3
31.Kb1 g5
32.Kc1 Kg7
33.Nb3d2 b5
34.Nd2xc4 bxc4
35.Kd2 Kf6
36.Kc3 Ke5
37.Kxc4 d2
{ abandon }0-1

[Event "Défi"]
[Site "www.echecsemail.com"]
[Date "2026.01.21"]
[Round "1"]
[White "Vvvv"]
[Black "Xercott"]
[WhiteElo "1660"]
[BlackElo "1790"]
[Result "0-1"]
1.e4 e6
2.d4 d5
3.Nb1d2 Ng8e7
4.c3 Ne7g6
5.e5 c5
6.dxc5 Bf8xc5
7.Ng1f3 Qd8b6
8.Nf3d4 Ng6xe5
9.Qd1a4 Bc8d7
10.Bf1b5 a6
11.Bb5xd7 Nb8xd7
12.Nd2b3 Bc5d6
13.Bc1e3 Qb6d8
14.Nb3d2 O-O
15.Nd2f3 b5
16.Qa4c2 Ne5g4
17.Be3g5 Qd8b6
18.O-O Nd7e5
19.h3 Ne5xf3
20.Nd4xf3 Ng4e5
21.Bg5e3 Qb6c7
22.Nf3g5 Ne5g6
23.Kh1 b4
24.Be3d2 bxc3
25.Bd2xc3 d4
26.Qc2b3 dxc3
27.Ra1c1 Bd6e5
28.Ng5f3 Be5f6
29.bxc3 Ra8b8
30.Qb3c2 Rf8c8
31.Rf1d1 Ng6f4
{ abandon }0-1

[Event "Défi( 10J+24H/c 10J Max )"]
[Site "www.echecsemail.com"]
[Date "2026.01.21"]
[Round "1"]
[White "Titit1"]
[Black "Geantvert"]
[WhiteElo "1460"]
[BlackElo "1840"]
[Result "0-1"]
1.d4 f5
2.Bc1f4 Ng8f6
3.Ng1f3 e6
4.Nb1d2 Bf8e7
5.c3 O-O
6.e3 Nf6e4
7.Nd2b3 g5
8.Bf4g3 g4
9.Nf3e5 d6
10.Ne5c4 b5
11.Nc4a5 c5
12.Bf1xb5 a6
13.Na5c6 Nb8xc6
14.Bb5xc6 Ra8b8
15.Bg3f4 Be7g5
16.O-O Qd8f6
17.Bf4xg5 Ne4xg5
18.dxc5 dxc5
19.Nb3xc5 Rf8f7
20.Ra1b1 Rb8b6
21.Bc6a4 Rf7c7
22.Nc5d3 h5
23.Nd3f4 h4
24.Qd1c2 Ng5e4
25.Rf1d1 Bc8b7
26.Rd1d3 Ne4c5
27.Ba4b3 Nc5xd3
28.Nf4xd3 Bb7e4
29.Rb1d1 Rb6d6
30.Qc2e2 Rc7d7
31.Bb3c2 Qf6d8
32.Nd3e5 Rd6xd1
33.Bc2xd1 Rd7xd1
34.Qe2f1 Rd1xf1
35.Kxf1 Qd8d1
0-1

[Event "Eq:Royal Kids-La Diagonale du Fou :"]
[Site "www.echecsemail.com"]
[Date "2026.01.21"]
[Round "1"]
[White "Pgo"]
[Black "Roxane"]
[WhiteElo "1730"]
[BlackElo "1450"]
[Result "1-0"]
1.e4 e5
2.Ng1f3 d6
3.Bf1c4 Ng8f6
4.d3 c5
5.Nb1c3 Bc8g4
6.h3 Bg4h5
7.O-O Nb8c6
8.Bc1g5 Bh5xf3
9.Qd1xf3 Nc6d4
10.Qf3d1 Bf8e7
11.Bg5xf6 Be7xf6
12.Nc3d5 Bf6g5
13.c3 Nd4e6
14.a3 O-O
15.g3 a6
16.f4 exf4
17.gxf4 Bg5h6
18.Qd1g4 a5
19.h4 a4
20.f5 Ne6c7
21.f6 Nc7xd5
22.Bc4xd5 Bh6e3
23.Kg2 g6
24.Bd5xb7 Ra8a7
25.Bb7d5 h5
26.Qg4xg6 Kh8
27.Qg6g7 1-0

[Event "BHOUTAN"]
[Site "www.echecsemail.com"]
[Date "2026.01.21"]
[Round "1"]
[White "Luc20"]
[Black "4x4"]
[WhiteElo "1830"]
[BlackElo "1450"]
[Result "1-0"]
1.e4 e5
2.Ng1f3 Ng8f6
3.Nf3xe5 d6
4.Ne5f3 Nf6xe4
5.Nb1c3 Ne4xc3
6.bxc3 Bc8g4
7.Bf1e2 Nb8c6
8.O-O Qd8d7
9.Bc1b2 O-O-O
10.Rf1e1 h5
11.Nf3d4 Nc6xd4
12.cxd4 Qd7c6
13.c3 g6
14.Be2xg4 hxg4
15.Qd1xg4 Qc6d7
16.Qg4xd7 Kxd7
17.c4 Bf8g7
18.Ra1b1 b6
19.d5 Bg7xb2
20.Rb1xb2 c5
21.Re1e3 Rh8e8
22.Kf1 Re8xe3
23.dxe3 Rd8e8
24.Ke2 Re8e4
25.Kd3 Re4h4
26.h3 f5
27.f3 f4
28.e4 Rh4h5
29.a4 g5
30.a5 Kc7
31.axb6 axb6
32.Rb2a2 Kb7
33.Ke2 Rh5h8
34.Kf2 Rh8a8
35.Ra2xa8 Kxa8
36.g3 Kb7
37.gxf4 gxf4
38.h4 Kc7
39.h5 Kd7
40.h6 Ke7
41.h7 Kf7
42.h8Q Kg6
43.Qh8b8 Kf6
44.Qb8xb6 Ke5
45.Qb6b2 1-0